| 000 | 01814cam a22005174i 4500 | ||
|---|---|---|---|
| 003 | PE-LiUPU | ||
| 005 | 20250731165645.0 | ||
| 008 | 150616s r 000 0 d | ||
| 020 | _a0192115456 | ||
| 035 | _a(Sirsi) i9780192115454 | ||
| 040 |
_aPE-LiUPU _bspa _cPE-LiUPU _erda |
||
| 049 | _aPRUA | ||
| 082 | 0 | 4 |
_a270.03d _bC87 _221 |
| 100 | 1 |
_aCross, Frank Leslie, _eautor. |
|
| 245 | 1 | 4 |
_aThe Oxford Dictionary of the Christian Church / _cF. L. Cross, E. A. Livingstone. |
| 264 | 1 |
_aNew York : _bOxford University Press, _c1993. |
|
| 300 |
_a1520 páginas ; _c23 centímetros |
||
| 336 |
_atext _2rdacontent |
||
| 337 |
_aunmediated _2rdamedia |
||
| 338 |
_avolume _2rdacarrier |
||
| 505 | 0 | _aDiccionario de Doctrinas A-Z. | |
| 526 | _aSEG44 | ||
| 526 | _aSEG26 | ||
| 526 | _aP151 | ||
| 526 | _aP150 | ||
| 526 | _aP149 | ||
| 526 | _aP146 | ||
| 526 | _aP145 | ||
| 526 | _aP126 | ||
| 526 | _aP125 | ||
| 526 | _aP92 | ||
| 526 | _aP75 | ||
| 526 | _aP74 | ||
| 526 | _aP27 | ||
| 526 | _aP15 | ||
| 650 | 0 | 4 |
_aCRISTIANISMO Y OTRAS RELIGIONES _vDICCIONARIOS. |
| 650 | 0 | 4 |
_aIGLESIA _xDOCTRINAS _vDICCIONARIOS. |
| 700 | 1 | _aLivingstone, E. A. | |
| 910 |
_ajck _bjvq _cjck |
||
| 942 |
_2ddc _cBOOK |
||
| 949 |
_aRC 270.03D C87 _wDEWEY _c1 _i41410 _d2015-9-14 _lCCODEBUL1 _mBUL _q1 _r0 _sY _tBOOK _u2015-6-16 _xTEOLOGIA _zUNKNOWN _0COMPRA _o.CIRCNOTE. No olvidar cambiar la fecha de devolución!!!!!!! _o.STAFF. Colección General |
||
| 994 |
_aC0 _bPEPRU |
||
| 596 | _a1 | ||
| 999 |
_aRC 270.03D C87 _wDEWEY _c59077 _i41410 _d59077 _e2017-4-19 _f2021-11-8 _g6 _lCCODEBUL1 _mBUL _n1 _q1 _r1 _sY _tBOOK _u2015-6-16 _xTEOLOGIA _zUNKNOWN _0COMPRA _o.CIRCNOTE. No olvidar cambiar la fecha de devolución!!!!!!! _o.STAFF. Colección General |
||
| 980 |
_81 _gALBERTO SANCHEZ Responsable de Automatización |
||